Statistics for Football Teams in Argentina with Most Fans

Click here to take the quiz!

General Stats

  • This quiz has been taken 121 times
  • The average score is 8 of 12

Answer Stats

% of FansAnswer% Correct
22.46%Boca Juniors
100%
16.13%River Plate
98%
7.53%Independiente
82%
5.49%Racing
81%
4.71%San Lorenzo
79%
7.70%Newell´s Old Boys
75%
9.94%Rosario Central
70%
2.35%Estudiantes (La Plata)
70%
3.76%Talleres (Cordoba)
50%
2.13%Belgrano
50%
1.76%Huracan
47%
2.74%Colon
41%

Score Distribution

Percentile by Number Answered

Percent of People with Each Score

Your Score History

You have not taken this quiz